An outline of American economy
The book certainly merits the attention of anyone interested academically or politically in the current debate over industrial. Its historical perspective on industrial transformation and the application of that perspective to the modern industrial policy debate in the United States provide valuable...
Bewaard in:
| Formaat: | Boek |
|---|---|
| Taal: | Undetermined |
| Gepubliceerd in: |
New York
United States Information Agency
1992
|
| Onderwerpen: | |
| Tags: |
Voeg label toe
Geen labels, Wees de eerste die dit record labelt!
|
| Thư viện lưu trữ: | Trung tâm Học liệu Trường Đại học Cần Thơ |
|---|
| LEADER | 00824nam a2200181Ia 4500 | ||
|---|---|---|---|
| 001 | CTU_40024 | ||
| 008 | 210402s9999 xx 000 0 und d | ||
| 082 | |a 973 | ||
| 082 | |b A512e | ||
| 245 | 3 | |a An outline of American economy | |
| 260 | |a New York | ||
| 260 | |b United States Information Agency | ||
| 260 | |c 1992 | ||
| 520 | |a The book certainly merits the attention of anyone interested academically or politically in the current debate over industrial. Its historical perspective on industrial transformation and the application of that perspective to the modern industrial policy debate in the United States provide valuable insights. | ||
| 650 | |a America,America,American description and travel | ||
| 650 | |x Economic conditions,History | ||
| 904 | |i Minh | ||
| 980 | |a Trung tâm Học liệu Trường Đại học Cần Thơ | ||